000 01026cam a22003257a 4500
003 CHAP
005 20220817042153.0
008 971013s1986 r 00010 fre d
010 _a36651
011 _a37623
035 _a41743
040 _cCHAP
082 _a631.8
_bF54f v.5
110 _aFAO
245 1 0 _aEmploi des engrais dans les systemes de cultures multiples
_c/par FAO
260 _aRome :
_bFAO,
_c1986
300 _a197 p.
_b; gráfs.
490 0 _aFAO. Fertilizantes y nutrición vegetal
_v; 5
590 _aBATCH-UPD
_b10
_c20130110
_lUCH01
_h1421
590 _aBATCH-UPD
_b10
_c20130410
_lUCH01
_h0903
590 _aBATCH-UPD
_b10
_c20130913
_lUCH01
_h1825
590 _aCONVERSION
_b10
_c20130109
_lUCH01
_h1320
650 1 4 _aAbonos.
_9235
650 1 4 _aCultivos asociados.
_930370
650 1 4 _aFertilizantes.
_940447
830 0 0 _aFAO. Fertilizantes y nutrición vegetal
_v; 5
_939563
901 _aBK
942 _cLIBRO
949 _a631.8 F54f
_bBC
_cFAO
_d33724002128637
_eFAO1
_gDonaciØn
_h68779
_i41743
_sb
999 _c36651
_d36651